[Event "74th ch-ARM 1st League"]
[Site "Yerevan ARM"]
[Date "2013.08.31"]
[Round "10.1"]
[White "Grigoryan,K2"]
[Black "Harutyunian,T"]
[Result "1/2-1/2"]
[WhiteElo "2550"]
[BlackElo "2334"]

1.Nf3 d5 2.g3 Nf6 3.Bg2 c6 4.O-O Bg4 5.d3 Nbd7 6.Qe1 e5 7.e4 dxe4 8.dxe4 Bc5
9.Nbd2 O-O 10.h3 Bh5 11.a3 a5 12.b3 Re8 13.Bb2 Qc7 14.Nh4 b5 15.Kh1 Bd6 16.Nf5 Bf8
17.a4 Bg6 18.Ne3 Nc5 19.f3 Ne6 20.Kh2 Bc5 21.c3 Rad8 22.axb5 cxb5 23.Qe2 h5
24.h4 Nf4 25.gxf4 exf4 26.Nc2 Nxe4 27.Nxe4 Rxe4 28.Qxb5 Qe7 29.Nd4 Bxd4 30.cxd4 Re2
31.Bc3 Qxh4+ 32.Kg1 Rde8 33.Ra2 Bd3 34.Qd7 Rd8 35.Qa4 Rxa2 36.Qxa2 Bxf1 37.Kxf1 Rc8
38.Be1 Qf6 39.Qd2 Qf5 40.Qxa5 Qd3+ 41.Kg1 Qxd4+ 42.Kh2 Qe3 43.Bh4 Rc5 44.Qd8+ Kh7
45.b4 Rc2 46.Qd5 Qe2 47.Qxh5+ Kg8 48.Qg4 f5 49.Qh3 Qe5 50.Bg5 Rb2 51.Qh4 Rxb4
52.Kh3  1/2-1/2

[Event "TCh-SRB 1st League w 2013"]
[Site "Kragujevac SRB"]
[Date "2013.09.01"]
[Round "9.6"]
[White "Petrovic,Mari"]
[Black "Gakovic,Isidora"]
[Result "1-0"]
[WhiteElo "2103"]
[BlackElo "1712"]

1.Nf3 d5 2.g3 Nf6 3.Bg2 Bf5 4.O-O e6 5.d3 Be7 6.Nbd2 O-O 7.c4 c6 8.b3 Nbd7
9.Bb2 Qc7 10.Rc1 Rfe8 11.h3 h6 12.a3 Rad8 13.b4 Bf8 14.Qb3 e5 15.cxd5 a6
16.dxc6 bxc6 17.Qa4 Rc8 18.Nh4 Be6 19.Rxc6 Qb8 20.Rfc1 Nd5 21.Qxa6 Rxc6 22.Rxc6 N7b6
23.Nhf3 Bd7 24.Rc1 Bd6 25.Nc4 Nxc4 26.dxc4 Nf6 27.c5 Bc7 28.c6 Bc8 29.Qc4 Be6
30.Qc2 Nd5 31.Rd1 Rd8 32.e4 Nb6 33.Rxd8+ Qxd8 34.Bxe5 Bxe5 35.Nxe5 Qc7 36.Ng4  1-0

[Event "67th Moscow Blitz 2013"]
[Site "Moscow RUS"]
[Date "2013.09.01"]
[Round "2"]
[White "Belous,V"]
[Black "Dreev,A"]
[Result "0-1"]
[WhiteElo "2554"]
[BlackElo "2668"]

1.Nf3 d5 2.g3 c6 3.Bg2 Bg4 4.O-O Nd7 5.b3 e5 6.c4 e4 7.Nd4 Qf6 8.Nc2 Bd6
9.Nc3 Ne7 10.cxd5 cxd5 11.Bb2 Be5 12.Ne3 Be6 13.f4 exf3 14.Bxf3 Qg5 15.Ba3 Bxc3
16.Bxe7 Kxe7 17.Bxd5 Bxa1 18.Qxa1 Qe5  0-1

[Event "67th Moscow Blitz 2013"]
[Site "Moscow RUS"]
[Date "2013.09.01"]
[Round "2"]
[White "Dubov,Danii"]
[Black "Najer,E"]
[Result "1/2-1/2"]
[WhiteElo "2624"]
[BlackElo "2626"]

1.Nf3 d5 2.g3 g6 3.Bg2 Bg7 4.O-O e5 5.c4 dxc4 6.Qa4+ Nc6 7.Nxe5 Bxe5 8.Bxc6+ bxc6
9.Qxc6+ Bd7 10.Qe4 f6 11.f4 Bf5 12.Qe3 Qd4 13.fxe5 fxe5 14.Qxd4 exd4 15.Na3 O-O-O
16.Nxc4 Re8 17.b3 Rxe2 18.Bb2 Nh6 19.Bxd4 Rd8 20.Rf2 Rxf2 21.Bxf2 a6 22.Be3 Ng4
23.Bf4 Re8 24.Rc1 Re7 25.Nb6+ Kb7 26.Nd5 Rd7 27.Rxc7+ Rxc7 28.Nxc7 Nf6 29.b4 Bd7
30.d4 Ne4 31.Nd5 Be6 32.Ne3 Bxa2 33.Kg2 Bf7 34.Kf3 Nc3 35.Bd6 Kc6 36.Bf8 Nd5
37.Ng4 Kb5 38.Ke4 Nxb4 39.Nf6 h5 40.d5 a5 41.d6 a4 42.d7 Nc6 43.Ne8 Bb3 44.Nd6+ Kb6
45.Ne8 Be6 46.Nf6 Kc7 47.Kf4 Bxd7 48.Kg5 Bf5 49.h3 Bb1 50.g4 hxg4 51.Nxg4 Kd7
52.Ba3 Ke6 53.h4 Kd5 54.Ne3+ Ke6 55.Ng2 Kf7 56.Nf4 Na5 57.h5 gxh5 58.Nxh5 Nc4
59.Bb4 Ke6 60.Kf4 Kd5 61.Ng3 Kc6 62.Ne2 Kb5 63.Bf8 Bd3 64.Nc3+ Ka5 65.Nxa4  1/2-1/2

[Event "67th Moscow Blitz 2013"]
[Site "Moscow RUS"]
[Date "2013.09.01"]
[Round "5"]
[White "Morozevich,A"]
[Black "Karjakin,Sergey"]
[Result "0-1"]
[WhiteElo "2739"]
[BlackElo "2772"]

1.Nf3 d5 2.g3 Nf6 3.Bg2 e6 4.O-O Be7 5.d3 c5 6.Nbd2 Nc6 7.e4 O-O 8.Re1 b5
9.e5 Ne8 10.Nf1 b4 11.h4 a5 12.Bf4 a4 13.a3 bxa3 14.bxa3 Nc7 15.N1h2 Nb5
16.Ng5 h6 17.Qh5 hxg5 18.hxg5 Nbd4 19.Ng4 Nf5 20.Be4 dxe4 21.Kg2 g6 22.Nh6+ Kh7
23.Qh3 Rh8 24.Nxf5+ Kg8 25.Nh6+ Kg7 26.dxe4 Bxg5 27.Rad1 Nd4 28.Nxf7 Rxh3
29.Nxd8 Bxf4 30.Kxh3 Bxe5 31.c3 Nb5 32.Re3 Bxc3 33.Rb1 e5+ 34.Kg2 Nxa3 35.Rb6 Nc4
36.Ne6+ Bxe6 37.Rxc3 Nxb6  0-1

[Event "67th Moscow Blitz 2013"]
[Site "Moscow RUS"]
[Date "2013.09.01"]
[Round "6"]
[White "Dubov,Danii"]
[Black "Demidov,M"]
[Result "1-0"]
[WhiteElo "2624"]
[BlackElo "2503"]

1.Nf3 d5 2.g3 c6 3.Bg2 Bg4 4.O-O Nd7 5.d3 e6 6.h3 Bxf3 7.Bxf3 g6 8.Bg2 Bg7
9.e4 Ne7 10.Nd2 O-O 11.Qe2 Qb6 12.Kh2 dxe4 13.dxe4 Qb5 14.Qe1 Qc5 15.c3 Ne5
16.Qe2 Qb5 17.c4 Qa5 18.f4 Nd7 19.e5 Rfd8 20.Ne4 Nf5 21.Bd2 Qc7 22.Bc3 Nb6
23.b3 Nd7 24.Qf2 Qb6 25.c5 Qa6 26.Rfd1 b6 27.g4 Ne7 28.Bf1 Qb7 29.Nd6 Qc7
30.b4 Nd5 31.Bd2 g5 32.fxg5 Nxe5 33.Kh1 a5 34.Ne4 axb4 35.Nf6+ Kh8 36.Re1 bxc5
37.Bf4 Nxg4 38.Qh4 Nf2+ 39.Kg1 Bxf6 40.Bxc7 Rg8 41.Qxf2 Rxg5+ 42.Kh1 Bd4
43.Qh4 Rag8 44.Bh2 Ne7 45.Bd3 R8g7 46.Qf4 e5 47.Qf3 Nd5 48.Be4 Nc3 49.Bxc6 f5
50.Bxe5 Bxe5 51.Rxe5 h6 52.Qd1  1-0

[Event "67th Moscow Blitz 2013"]
[Site "Moscow RUS"]
[Date "2013.09.01"]
[Round "7"]
[White "Morozevich,A"]
[Black "Reshetnikov,Al"]
[Result "1-0"]
[WhiteElo "2739"]
[BlackElo "2497"]

1.Nf3 d5 2.g3 c6 3.Bg2 Bf5 4.d3 e6 5.O-O h6 6.c4 dxc4 7.dxc4 Qxd1 8.Rxd1 Nd7
9.Nc3 Ngf6 10.h3 Be7 11.Be3 O-O 12.Nd4 Bh7 13.Nb3 Ne5 14.Na5 Bb4 15.f4 Bxa5
16.fxe5 Bxc3 17.bxc3 Ne4 18.Rd7 Nxc3 19.Rxb7 Rfd8 20.Bf3 a5 21.a3 Be4 22.Rf1 Bg6
23.Rc1 Ne4 24.g4 Rab8 25.Rcb1 Rbc8 26.R1b6 Nd2 27.Bxd2 Rxd2 28.h4 c5 29.h5 Bc2
30.Rb2 Rcd8 31.Kf2 g6 32.Ke3 gxh5 33.gxh5 R8d4 34.R7b5 Kg7 35.Rxc5 Rd8 36.Rxa5 R8d7
37.Rab5  1-0

[Event "67th Moscow Blitz 2013"]
[Site "Moscow RUS"]
[Date "2013.09.01"]
[Round "8"]
[White "Glek,I"]
[Black "Eliseev,U"]
[Result "0-1"]
[WhiteElo "2460"]
[BlackElo "2550"]

1.Nf3 d5 2.g3 Nf6 3.Bg2 c6 4.O-O Bf5 5.d3 e6 6.c4 dxc4 7.dxc4 Qxd1 8.Rxd1 Nbd7
9.Nc3 e5 10.b3 Bb4 11.Bb2 O-O 12.Nh4 Be6 13.Ne4 Nxe4 14.Bxe4 g6 15.Bg2 Rfd8
16.h3 a5 17.f4 exf4 18.gxf4 a4 19.e4 Be7 20.f5 Bxh4 21.fxe6 fxe6 22.Rd6 Be7
23.Rd3 Nc5 24.Rxd8+ Rxd8 25.Ba3 axb3 26.axb3 Ra8 27.Bb2 Rxa1+ 28.Bxa1 Nxb3
29.Be5 Nd2 30.h4 Nxc4 31.Bc3 b5 32.Bf1 Bxh4 33.Kh2 Kf7 34.e5 Ne3 35.Bd3 Nd5
36.Bd2 Bf2 37.Kg2 Bd4 38.Kf3 Bxe5 39.Ke4 Bc3 40.Bc1 Ke7 41.Bg5+ Bf6 42.Bc1 Kd6
43.Bd2 Kc5 44.Bf1 Bc3 45.Bc1 b4 46.Kd3 b3 47.Bh6 Be5 48.Bf8+ Kb6 49.Ba3 h5
50.Kd2 g5 51.Bd3 g4 52.Bg6 g3 53.Ke2 h4 54.Kf3 h3  0-1

[Event "67th Moscow Blitz 2013"]
[Site "Moscow RUS"]
[Date "2013.09.01"]
[Round "8"]
[White "Malakhov,V"]
[Black "Demidov,M"]
[Result "1-0"]
[WhiteElo "2707"]
[BlackElo "2503"]

1.Nf3 d5 2.g3 c6 3.Bg2 Bg4 4.c4 e6 5.cxd5 exd5 6.O-O Nf6 7.Nc3 Be7 8.d3 O-O
9.Qb3 Qb6 10.Qc2 Nbd7 11.e4 Bd6 12.Be3 Qa6 13.h3 Bh5 14.Nh4 Rfe8 15.exd5 cxd5
16.Nf5 Bf8 17.Nxd5 Nxd5 18.Bxd5 Bg6 19.g4 Bxf5 20.gxf5 Nf6 21.Bg2 Qb5 22.d4 Rac8
23.a4 Rxc2 24.axb5 Rxb2 25.Bxb7 Rxb5 26.Bc6 Rxf5 27.Bxe8 Nxe8 28.Rxa7 Nf6
29.Ra8 h6 30.Rc1 Nd7 31.Rd8 Nb6 32.Rb1 Rd5 33.Re8 Nd7 34.Rb7 g5 35.Rd8 Nf6
36.Rxd5 Nxd5 37.Rb5 Nc7 38.Rb7 Nd5 39.Rd7 Nf6 40.Ra7 Bb4 41.Kg2 Kg7 42.Kf3 Kg6
43.Rb7 Bf8 44.Rb5 Be7 45.Ke2 Bf8 46.Kd3 g4 47.hxg4 Nxg4 48.d5 Ne5+ 49.Ke4 Nc4
50.Bf4 Bd6 51.Rb7 f5+ 52.Kd4 Na5 53.Rb6  1-0

[Event "67th Moscow Blitz 2013"]
[Site "Moscow RUS"]
[Date "2013.09.01"]
[Round "8"]
[White "Dubov,Danii"]
[Black "Riazantsev,A"]
[Result "0-1"]
[WhiteElo "2624"]
[BlackElo "2700"]

1.Nf3 d5 2.g3 c6 3.Bg2 Bf5 4.O-O e6 5.d3 Nf6 6.Nh4 Bg4 7.h3 Bh5 8.Qe1 Be7
9.f4 Nfd7 10.Nf3 Bxf3 11.Bxf3 d4 12.c3 e5 13.fxe5 Nxe5 14.Bg2 O-O 15.Kh1 Ng6
16.Nd2 dxc3 17.bxc3 Nd7 18.Rb1 Qc7 19.d4 f5 20.e4 fxe4 21.Nxe4 Rae8 22.Rxf8+ Bxf8
23.Qd1 Rxe4 24.Bxe4 Qxg3 25.Qf1 Bd6 26.Rb2 Nf6 27.Bxg6 hxg6 28.Qg2 Qe1+ 29.Qg1 Qxc3
30.Rb3 Qc4 31.Re3 Kh7 32.Bb2 Qc2 33.Qg2 Qb1+ 34.Qg1 Qxb2 35.Qe1 Qxd4 36.Qe2 Nh5  0-1

[Event "67th Moscow Blitz 2013"]
[Site "Moscow RUS"]
[Date "2013.09.01"]
[Round "10"]
[White "Dubov,Danii"]
[Black "Malakhov,V"]
[Result "0-1"]
[WhiteElo "2624"]
[BlackElo "2707"]

1.Nf3 d5 2.g3 Nf6 3.Bg2 c6 4.O-O Bg4 5.d3 e6 6.h3 Bxf3 7.Bxf3 Nbd7 8.Bg2 Bd6
9.e4 O-O 10.Qe2 Qc7 11.Nd2 Rfe8 12.f4 dxe4 13.dxe4 e5 14.f5 Rad8 15.g4 h6
16.h4 Bc5+ 17.Kh2 Nh7 18.Nf3 Ndf6 19.Bh3 Rd4 20.Nxd4 exd4+ 21.Bf4 Bd6 22.e5 Bxe5
23.Qf3 Nd5 24.Bxe5 Rxe5 25.Qg3 Nhf6 26.Bg2 Ne3 27.Rf4 Nexg4+ 28.Rxg4 Nxg4+
29.Qxg4 Re1+ 30.Kh3 Rxa1 31.f6 g6 32.Qxd4 Re1 33.Bf3 Re8 34.h5 Qe5 35.Qd7 Qe6+
36.Bg4 Qxd7 37.Bxd7 Re3+ 38.Kg4 gxh5+ 39.Kxh5 Rf3 40.Kxh6 Rxf6+ 41.Kg5 Rf2
42.Bf5 Kg7 43.Bd3 c5 44.b3 b6 45.a4 Kf8 46.Kg4 Ke7 47.Kg3 Rf6 48.c3 Kd6 49.b4 cxb4
50.cxb4 Ke5 51.a5 Rf4 52.axb6 axb6 53.b5 f5 54.Be2 Rb4 55.Bf1 Kf6 56.Be2 Kg5  0-1

[Event "Petersburg Summer Rapid 2013"]
[Site "St Petersburg RUS"]
[Date "2013.09.01"]
[Round "5.10"]
[White "Shimanov,A"]
[Black "Usmanov,V"]
[Result "1-0"]
[WhiteElo "2655"]
[BlackElo "2377"]

1.Nf3 d5 2.g3 Nf6 3.Bg2 e6 4.O-O Be7 5.d3 O-O 6.Nbd2 Nbd7 7.e4 e5 8.exd5 Nxd5
9.Re1 Bf6 10.Ne4 Re8 11.Nxf6+ N5xf6 12.Bd2 e4 13.dxe4 Nxe4 14.Bf4 c6 15.Qd4 Ndf6
16.Rad1 Bg4 17.Qxd8 Raxd8 18.Rxd8 Rxd8 19.Ne5 Bf5 20.g4 Be6 21.Bxe4 Nxe4
22.Rxe4 Rd1+ 23.Kg2 Bd5 24.f3 Bxe4 25.fxe4 Re1 26.Kf3 Rf1+ 27.Ke3 f6 28.Nd3 Rg1
29.Bg3 Rg2 30.Ne1  1-0

[Event "Petersburg Summer Rapid 2013"]
[Site "St Petersburg RUS"]
[Date "2013.09.01"]
[Round "7.6"]
[White "Goganov,A"]
[Black "Sjugirov,S"]
[Result "0-1"]
[WhiteElo "2577"]
[BlackElo "2635"]

1.Nf3 d5 2.g3 Nf6 3.Bg2 Bg4 4.c4 c6 5.O-O e6 6.cxd5 Bxf3 7.Bxf3 cxd5 8.Nc3 Nc6
9.d4 Be7 10.b3 O-O 11.Bb2 Rc8 12.e3 a6 13.Qe2 Bd6 14.Rfd1 Bb4 15.Na4 b5 16.Nc5 Bxc5
17.dxc5 Qe7 18.e4 dxe4 19.Bxe4 Nxe4 20.Qxe4 Qxc5 21.Rac1 Qh5 22.g4 Qg5 23.Rd6 Ne7
24.Rxc8 Rxc8 25.Rxa6 h5 26.h3 hxg4 27.Qxg4 Qh6 28.Rb6 Rc5 29.Rb8+ Kh7 30.h4 Nf5
31.Qg5 Rc2 32.Qxh6+ Kxh6 33.Be5 f6 34.Bf4+ Kh5 35.Rxb5 Rxa2 36.Kg2 Kg4 37.Rb4 Nxh4+
38.Kf1 Kf3 39.Bc1 Rxf2+ 40.Kg1 g5 41.Rc4 Rg2+ 42.Kf1 Rf2+ 43.Kg1 Re2 44.Rc3+ Kg4
45.b4 Nf3+ 46.Kf1 Rh2 47.Be3 Kg3 48.b5 Rb2 49.b6 f5 50.Bd4 Rb1+ 51.Ke2 g4
52.Be5+ Kg2 53.Bc7 e5 54.Kd3 e4+ 55.Kc2 Rb5 56.Kc1 Nd4 57.Rc4 Ne2+ 58.Kd1 Kf3
59.Rc2 Rb1+ 60.Kd2 e3+ 61.Kd3 Nf4+  0-1

[Event "Petersburg Summer Rapid 2013"]
[Site "St Petersburg RUS"]
[Date "2013.09.01"]
[Round "8.1"]
[White "Khairullin,I"]
[Black "Lintchevski,D"]
[Result "1/2-1/2"]
[WhiteElo "2651"]
[BlackElo "2522"]

1.Nf3 d5 2.g3 Bg4 3.Bg2 c6 4.O-O Nd7 5.d3 e5 6.e4 dxe4 7.dxe4 Ngf6 8.Nbd2 Bc5
9.h3 Bxf3 10.Bxf3 O-O 11.Kg2 Qe7 12.Qe2 Rfd8 13.h4 Nf8 14.Nc4 N6d7 15.Ne3 Bxe3
16.Bxe3 Ne6 17.c3 a5 18.Rfd1 a4 19.Rd2 b5 20.Rad1 Ndf8 21.Bg4 Rxd2 22.Rxd2 Rd8
23.Qd1 Rxd2 24.Qxd2 Nd7 25.Be2 h6 26.f3 g5 27.hxg5 hxg5 28.c4 b4 29.c5 b3
30.axb3 axb3 31.Qd6 Qxd6 32.cxd6 Kg7 33.Bc4 Kf6 34.Bxb3 Nec5 35.Bc4 Nb7 36.Kh3 Nxd6
37.Ba6 Kg6 38.b4 Nf6 39.Bc5 g4+ 40.Kh4 Nb5 41.fxg4  1/2-1/2

[Event "Nordeste IM 2013"]
[Site "Natal BRA"]
[Date "2013.09.02"]
[Round "6.4"]
[White "Pingas,B"]
[Black "Rodi,L"]
[Result "1/2-1/2"]
[WhiteElo "2259"]
[BlackElo "2377"]

1.Nf3 d5 2.g3 c6 3.Bg2 Nf6 4.O-O Bg4 5.d3 e6 6.Nbd2 Nbd7 7.e4 dxe4 8.Nxe4 Nxe4
9.dxe4 Nf6 10.Qe2 Be7 11.Bf4  1/2-1/2

[Event "15th Trieste Open"]
[Site "Trieste ITA"]
[Date "2013.09.02"]
[Round "4"]
[White "Mchedlishvili,M"]
[Black "Oparin,G"]
[Result "1/2-1/2"]
[WhiteElo "2633"]
[BlackElo "2504"]

1.Nf3 d5 2.g3 Nf6 3.Bg2 c6 4.c4 dxc4 5.O-O Nbd7 6.Qc2 Nb6 7.Na3 g6 8.Nxc4 Nxc4
9.Qxc4 Bg7 10.d3 O-O 11.Qh4 Ng4 12.h3 Ne5 13.Nd2 f5 14.Qb4 a5 15.Qb3+ Kh8
16.Rd1 a4 17.Qc2 Nf7 18.Nf3 e5 19.Bd2 Be6 20.Bb4 Re8 21.Bc3 Qd7 22.Kh2 c5
23.b3 b5 24.Rab1 axb3 25.axb3 Ra3 26.Nd2 Rc8 27.Ra1 Rxa1 28.Rxa1 Bd5 29.Bxd5 Qxd5
30.Ra7 Nd8 31.Qa2 Nc6 32.Ra8 Qd8 33.Rxc8 Qxc8 34.Qa1 h6 35.Nf3 Nd4 36.Bxd4 cxd4
37.Qa7 Qc2 38.Qf7 Qxe2 39.Nh4 Qxf2+ 40.Kh1 Qf1+  1/2-1/2

[Event "74th ch-ARM 1st League"]
[Site "Yerevan ARM"]
[Date "2013.09.02"]
[Round "12.4"]
[White "Gabuzyan,H"]
[Black "Vardanian,HaiG"]
[Result "1/2-1/2"]
[WhiteElo "2540"]
[BlackElo "2339"]

1.Nf3 d5 2.g3 Nf6 3.Bg2 c6 4.O-O Bg4 5.d4 Nbd7 6.Nbd2 e6 7.Re1 Qb6 8.c3 h5
9.Qb3 Bf5 10.Ng5 h4 11.e4 dxe4 12.Ndxe4 Nxe4 13.Nxe4 hxg3 14.hxg3 Nf6 15.Nd2 Bd3
16.Nc4 Bxc4 17.Qxc4 Bd6 18.Bg5 Qc7 19.Qd3 Rh5 20.Bxf6 gxf6 21.Qf3 Rh6 22.c4 Kf8
23.d5 cxd5 24.cxd5 e5 25.Qe3 Kg7 26.Rac1 Qd7 27.Rc4 f5 28.Qc3 f6 29.Qa5 Rah8
30.Rec1 Kg6 31.Kf1 Rh2 32.Qc3 Qh7 33.g4 fxg4 34.Rxg4+ Kf7 35.Qb3 f5 36.Qxb7+ Kf6
37.Qa6 fxg4 38.Qxd6+ Kg5 39.Qxe5+ Qf5 40.Qg7+ Qg6 41.Qd4 Qf6 42.Qe3+ Qf4
43.Qe7+ Qf6 44.Qe4 Rf8 45.Rc2 Rh6 46.Qe3+ Qf4 47.Qxa7 Rhf6 48.Qg7+ Kh4 49.Qh7+ Kg5
50.Qg7+ Kh4  1/2-1/2

[Event "ch-POR 2013"]
[Site "Lisbon POR"]
[Date "2013.09.03"]
[Round "2.2"]
[White "Diogo,V"]
[Black "Dias,P"]
[Result "1/2-1/2"]
[WhiteElo "2276"]
[BlackElo "2408"]

1.Nf3 d5 2.g3 c5 3.Bg2 Nc6 4.d3 g6 5.O-O Bg7 6.e4 e6 7.Re1 dxe4 8.dxe4 Qxd1
9.Rxd1 Nge7 10.c3 O-O 11.Na3 b6 12.Nb5 Rb8 13.Bf4 e5 14.Bg5 f6 15.Be3 a6
16.Nc7 Rb7 17.Nd5 Nxd5 18.Rxd5 Rd7 19.Rxd7 Bxd7 20.Bf1 Ra8 21.Nd2 Bf8 22.Bc4+ Kg7
23.a4 Na5 24.Bd5 Bc6 25.Bxc6 Nxc6 26.Nc4 Rb8 27.Rd1 Rb7 28.f4 exf4 29.gxf4 Kf7
30.Kf2 Ke6 31.Ra1 Na5 32.Nd2 c4 33.h4 Bc5 34.Nf3 Rd7 35.Bd4 Nb3 36.Rd1 Bxd4+
37.cxd4 Nc5 38.d5+ Ke7 39.e5 Nd3+ 40.Rxd3 cxd3 41.d6+ Kd8 42.Ke3 h6 43.b4 g5
44.hxg5 hxg5 45.fxg5 fxe5 46.Nxe5 d2 47.Kxd2 Rxd6+ 48.Ke3 Ke7 49.Nc4 Rc6
50.Kd4 Rg6 51.b5 a5 52.Ke4 Rxg5 53.Nxb6 Kd6 54.Nc4+ Kc5 55.Nxa5 Rg4+ 56.Ke5 Rxa4
57.Nc6 Kxb5 58.Nd4+ Kc4 59.Ne6 Ra1 60.Kd6 Re1 61.Nc7 Rd1+ 62.Kc6 Kd4 63.Kd6 Ke4+
64.Ke6 Rd2 65.Ne8 Rd8 66.Nd6+ Rxd6+  1/2-1/2

[Event "TCh-ROU 2013"]
[Site "Mamaia ROU"]
[Date "2013.09.03"]
[Round "4.1"]
[White "Erdos,V"]
[Black "Iordachescu,V"]
[Result "1/2-1/2"]
[WhiteElo "2650"]
[BlackElo "2609"]

1.g3 d5 2.Nf3 g6 3.Bg2 Bg7 4.c4 e6 5.O-O Ne7 6.d4 O-O 7.Nc3 Nbc6 8.cxd5 exd5
9.b3 Re8 10.e3 Nf5 11.Ne1 Nce7 12.Nd3 a5 13.Re1 c6 14.Bb2 Nd6 15.Rc1 Nef5
16.Rc2 h5 17.Ne5 Nh6 18.f3 Nhf5 19.Rce2 Re7 20.Ba3 Re8 21.Bb2 Re7 22.Ba3 Re8
23.Kh1 Qc7 24.Bb2 Qd8 25.Na4 Nb5 26.Nc5 Re7 27.a4 Nc7 28.Ba3  1/2-1/2

[Event "17th Cesenatico Open"]
[Site "Cesenatico ITA"]
[Date "2013.09.04"]
[Round "5.5"]
[White "Schacher,G"]
[Black "Brancaleoni,M"]
[Result "1-0"]
[WhiteElo "2347"]
[BlackElo "2248"]

1.Nf3 d5 2.g3 Nf6 3.Bg2 c5 4.c4 d4 5.b4 cxb4 6.a3 bxa3 7.Bxa3 Nc6 8.d3 e5
9.Bxf8 Kxf8 10.O-O g6 11.Nbd2 Kg7 12.Qa4 Bd7 13.Rfb1 Qc7 14.Ng5 a5 15.Qb5 h6
16.Nge4 Nxe4 17.Nxe4 Nb4 18.Qc5 Bc6 19.Nd6 f6 20.Nxb7 Qxb7 21.Rxa5 Rxa5 22.Qxa5 Rb8
23.Bxc6 Qxc6 24.Rxb4 Ra8 25.Rb6 Rxa5 26.Rxc6 f5 27.f3 Kf7 28.h4 h5 29.Kf2 Ra1
30.Rd6 Rc1 31.f4 exf4 32.gxf4 Rh1 33.c5 Rc1 34.c6 Kg7 35.e3 Rc2+ 36.Kf3 dxe3
37.Kxe3 Kf7 38.Kd4 Rh2 39.Kd5 Rc2 40.d4 Rc1 41.Rd7+  1-0

[Event "ch-POR 2013"]
[Site "Lisbon POR"]
[Date "2013.09.04"]
[Round "3.3"]
[White "Silva,Luis"]
[Black "Gomes,B"]
[Result "1/2-1/2"]
[WhiteElo "2281"]
[BlackElo "2128"]

1.Nf3 d5 2.g3 c6 3.Bg2 Nf6 4.O-O Bg4 5.d3 Nbd7 6.Nbd2 e6 7.c4 Bd6 8.b3 O-O
9.Bb2 Qe7 10.Rc1 Rad8 11.h3 Bh5 12.Rc2 Rfe8 13.Qa1 Ba3 14.cxd5 exd5 15.Re1 Bxb2
16.Qxb2 Qb4 17.a3 Qd6 18.b4 Bg6 19.Nb3 Ne5 20.Nxe5 Qxe5 21.Qxe5 Rxe5 22.Rec1 Rde8
23.Nd4 h6 24.f4 R5e7 25.Bf3 a6 26.Kf2 Bh7 27.Nb3 Nd7 28.Nc5 Nxc5 29.Rxc5 Bf5
30.h4 f6 31.h5 Kf8 32.a4 Bd7 33.e4 dxe4 34.dxe4 Be6 35.b5 axb5 36.axb5 Bd7
37.b6 Ra8 38.R5c2 Ra5 39.Rb2 Be8 40.g4 Ra3 41.Rcc2 Bd7 42.Ra2 Rb3 43.Rcb2 Rxb2+
44.Rxb2 Be6 45.Rb4 Kf7 46.Ke3 Bc8 47.Rd4 Re6 48.Rd8 Re8 49.Rxe8 Kxe8 50.Kd4 Be6
51.e5 Kd7 52.f5 Ba2 53.Be4 Bb3 54.Bf3 Ba2 55.Be2 Bd5 56.Bd1 Ke7 57.Be2 Kd7
58.Bd1 Ke7 59.Be2 Kd7 60.e6+ Kd6 61.Bc4 Bf3 62.Bd3 Bd5 63.Be4 Ba2 64.Ke3 Kc5
65.Bb1 Bd5 66.Be4 Ba2 67.Bb1 Bd5 68.Be4 Ba2 69.Bb1 Bd5  1/2-1/2

[Event "15th Trieste Open"]
[Site "Trieste ITA"]
[Date "2013.09.04"]
[Round "6"]
[White "Matijevic,Filip"]
[Black "Capaliku,A"]
[Result "1-0"]
[WhiteElo "2136"]
[BlackElo "2140"]

1.Nf3 d5 2.g3 c5 3.Bg2 Nc6 4.d4 e6 5.O-O f5 6.c4 dxc4 7.Qa4 Nf6 8.dxc5 Qa5
9.Qxc4 Qxc5 10.Qb3 Be7 11.Nc3 Qb4 12.Qc2 O-O 13.a3 Qa5 14.b4 Qd8 15.Rd1 Nd5
16.Nxd5 exd5 17.Qa2 Qe8 18.Qxd5+ Kh8 19.Bb2 Bf6 20.Bxf6 Rxf6 21.Nd4 Be6 22.Nxe6 Qxe6
23.e3 h6 24.Qxe6 Rxe6 25.Rd7 Rb8 26.Rc1 a6 27.Rf7 g6 28.Rd1 Ne7 29.Bd5 Nxd5
30.Rxd5 b5 31.Rdd7 h5 32.Kg2 Kg8 33.Kf3 Rd8 34.Ra7 Kh8 35.Rh7+ Kg8 36.Rag7+ Kf8
37.Kf4 Rde8 38.Kg5 R6e7 39.Rxe7 Rxe7 40.Rxe7 Kxe7 41.Kxg6 Ke6 42.f4 Kd5 43.Kxf5 Kc4
44.e4 Kb3 45.e5  1-0

[Event "17th Cesenatico Open"]
[Site "Cesenatico ITA"]
[Date "2013.09.05"]
[Round "6.8"]
[White "Schaufelberger,H"]
[Black "Lucchi,L"]
[Result "1-0"]
[WhiteElo "2262"]
[BlackElo "2112"]

1.g3 d5 2.Nf3 c5 3.Bg2 Nc6 4.O-O e5 5.d3 Nf6 6.Bg5 Be6 7.Nc3 Be7 8.e4 d4
9.Bxf6 Bxf6 10.Nd5 Nb4 11.Nxb4 cxb4 12.Qd2 Qd6 13.h4 h6 14.a3 b3 15.cxb3 O-O-O
16.b4 Kb8 17.Rfc1 Rdg8 18.Qc2 Rc8 19.Qd1 g5 20.hxg5 hxg5 21.Rxc8+ Bxc8 22.Nh2 Qe6
23.g4 Bd8 24.Rc1 Bd7 25.f3 Be7 26.Nf1 Qa2 27.Qd2 Ba4 28.Kf2 Qb3 29.Ke2 f6
30.Ng3 Rh2 31.Kf2 Rh7 32.Bf1 Bb5 33.Kg2 Ba4 34.Be2 Bd8 35.Bd1  1-0

[Event "12th Izmir Open"]
[Site "Izmir TUR"]
[Date "2013.09.05"]
[Round "5.14"]
[White "Gover,Rasit"]
[Black "Yagupov,I"]
[Result "0-1"]
[WhiteElo "1840"]
[BlackElo "2435"]

1.Nf3 d5 2.g3 Bg4 3.Bg2 Nd7 4.O-O c6 5.d3 Ngf6 6.Nbd2 e5 7.c3 a5 8.Re1 Be7
9.Qc2 O-O 10.e4 dxe4 11.dxe4 Re8 12.Nc4 Bf8 13.Ne3 Bh5 14.Bd2 Nc5 15.Nh4 Nfxe4
16.Bxe4 Nxe4 17.Qxe4 Qxd2 18.g4 Bg6 19.Nxg6 hxg6 20.Nc4 Qg5 21.Nxe5 Rad8
22.f4 Qe7 23.Rad1 Rxd1 24.Rxd1 g5 25.Qc4 gxf4 26.Re1 Qc7 27.Qd4 Rd8 28.Qxf4 Bd6
29.Qf5 Re8 30.Nf3 Rxe1+ 31.Nxe1 Qb6+ 32.Kh1 Qxb2 33.Qc2 Qb5 34.c4 Qe5 35.Qd2 Qe4+
36.Ng2 Qxc4 37.Ne3 Qe4+ 38.Ng2 Qf3 39.Qe3 Qxg4 40.Qe8+ Kh7 41.Qe3 f5 42.Ne1 Qe4+  0-1

[Event "TCh-ROU 2013"]
[Site "Mamaia ROU"]
[Date "2013.09.05"]
[Round "6.3"]
[White "Mateuta,G"]
[Black "Nastase,R"]
[Result "1-0"]
[WhiteElo "2517"]
[BlackElo "2099"]

1.Nf3 d5 2.g3 Nf6 3.Bg2 e6 4.O-O c6 5.d4 Bd6 6.c4 Nbd7 7.Qc2 O-O 8.Nbd2 Re8
9.a3 e5 10.cxd5 cxd5 11.dxe5 Nxe5 12.Nxe5 Rxe5 13.Nf3 Rh5 14.Bg5 Bg4 15.Bxf6 Qxf6
16.Rad1 Re8 17.Rd2 Qh6 18.Rfd1 Qe6 19.Qa4 Bc5 20.Qf4 h6 21.Rc1 Bb6 22.Nd4 Bxd4
23.Qxd4 Bxe2 24.Re1 Re5 25.Bxd5 Qd7 26.h4 Qc7 27.Kh2 b6 28.b4 Bh5 29.Rxe5 Qxe5
30.Qxe5 Rxe5 31.Kg2 Bg6 32.Bf3 a5 33.Rd8+ Kh7 34.Rd4 Bb1 35.h5 f5 36.Rd6 Rb5
37.Be2 Re5 38.Bc4 b5 39.Bf7 g5 40.hxg6+ Kg7 41.bxa5 Be4+ 42.f3 Bb1  1-0

[Event "TCh-ROU 2013"]
[Site "Mamaia ROU"]
[Date "2013.09.05"]
[Round "6.1"]
[White "Miroshnichenko,E"]
[Black "Pop,A"]
[Result "1-0"]
[WhiteElo "2619"]
[BlackElo "2284"]

1.Nf3 d5 2.g3 g6 3.c4 c6 4.Qa4 Nd7 5.cxd5 cxd5 6.Nc3 Nf6 7.g4 h6 8.Bg2 Bg7
9.d3 O-O 10.g5 hxg5 11.Nxg5 Nb6 12.Qh4 e5 13.O-O Re8 14.e4 Bg4 15.f4 d4 16.fxe5 Rxe5
17.Bf4 Re7 18.e5 Nh5 19.Nce4 Bf5 20.Bf3 Bxe5 21.Bxh5 gxh5 22.Bxe5 Rxe5 23.Qg3  1-0

[Event "78th ch-ESP 2013"]
[Site "Linares ESP"]
[Date "2013.09.06"]
[Round "9.22"]
[White "Suarez Garcia,C"]
[Black "Vega Gutierrez,B"]
[Result "1-0"]
[WhiteElo "2321"]
[BlackElo "2148"]

1.Nf3 d5 2.g3 Nf6 3.Bg2 c6 4.O-O e6 5.d3 Bd6 6.c4 O-O 7.Nc3 Qe7 8.Qc2 h6
9.cxd5 Nxd5 10.e4 Nxc3 11.bxc3 e5 12.h3 Re8 13.Nd2 c5 14.f4 Nc6 15.f5 f6
16.g4 b6 17.Qd1 b5 18.g5 fxg5 19.c4 Ba6 20.Bf3 Rad8  1-0

[Event "10th LGA Premium Cup GpB"]
[Site "Nuernberg GER"]
[Date "2013.09.06"]
[Round "2.3"]
[White "Zaragatski,I"]
[Black "Mons,L"]
[Result "1-0"]
[WhiteElo "2499"]
[BlackElo "2439"]

1.Nf3 d5 2.g3 Bg4 3.Bg2 c6 4.c4 e6 5.O-O Nf6 6.cxd5 Bxf3 7.Bxf3 cxd5 8.Qb3 Qd7
9.Nc3 Nc6 10.Bg2 Be7 11.d3 O-O 12.e4 d4 13.Ne2 a5 14.a3 a4 15.Qd1 e5 16.f4 Bd6
17.Kh1 Na5 18.Ng1 Nb3 19.Rb1 Qe7 20.fxe5 Bxe5 21.Bg5 h6 22.Bf4 Ra5 23.Bh3 Rd8
24.Nf3 Bxf4 25.gxf4 Rc5 26.Nd2 Rh5 27.Rf3 Rb5 28.Nxb3 Rxb3 29.Rg3 Kh7 30.Qf3 b5
31.e5 Nd5 32.Rbg1 g6 33.Qe4 Rxb2 34.f5 Kg8 35.fxg6 f6 36.g7 fxe5 37.Rg6 Nf6
38.Qf3 Rd6 39.Rxh6  1-0

[Event "10th LGA Premium Cup GpA"]
[Site "Nuernberg GER"]
[Date "2013.09.06"]
[Round "3.2"]
[White "Kunin,V"]
[Black "Prusikin,M"]
[Result "1-0"]
[WhiteElo "2528"]
[BlackElo "2555"]

1.Nf3 d5 2.g3 c6 3.Bg2 Nf6 4.O-O Bg4 5.c4 e6 6.cxd5 Bxf3 7.Bxf3 cxd5 8.Nc3 Nc6
9.d3 Be7 10.Bf4 O-O 11.Rc1 Bd6 12.Bd2 Rc8 13.a3 Qe7 14.Bg2 Rfd8 15.b4 a5
16.Nb5 axb4 17.Nxd6 Qxd6 18.axb4 Nxb4 19.Rb1 Na6 20.Rxb7 Nc5 21.Rb5 Qc6 22.Rb4 Ncd7
23.Qa1 Ra8 24.Qb2 Rdb8 25.Rc1 Rxb4 26.Qxb4 Qb6 27.Qc3 h6 28.h3 Ra2 29.Ra1 Qb2
30.Rxa2 Qxa2 31.Bf3 Qa6 32.Bf4 Qb6 33.Kg2 Qc5 34.Qa1 Qe7 35.Bc1 Qb4 36.Bb2 Qd2
37.h4 h5 38.Bd4 Qh6 39.Qa8+ Kh7 40.Qd8 Qg6 41.e4 e5 42.Ba7 d4 43.Bd1 Kh6
44.Qe7 Kh7 45.Ba4  1-0

[Event "12th Izmir Open"]
[Site "Izmir TUR"]
[Date "2013.09.07"]
[Round "8.12"]
[White "Ivanov,MM"]
[Black "Akcan,U"]
[Result "1/2-1/2"]
[WhiteElo "2398"]
[BlackElo "2082"]

1.Nf3 d5 2.g3 e6 3.Bg2 Nf6 4.O-O Be7 5.c4 O-O 6.d4 dxc4 7.Na3 Bxa3 8.bxa3 Nc6
9.Bb2 Nd5 10.e4 c3 11.Bc1 Nf6 12.Qd3 e5 13.d5 Bg4 14.Be3 Re8 15.Qxc3 Nxe4
16.Qc2 Nd4 17.Nxd4 exd4 18.Bxd4 Nd6 19.Rac1 Bf5 20.Qb2 f6 21.f3 Qd7 22.Rfd1 b5
23.Bf1 Nc4 24.Qb3 Nd6 25.Rc5 Bg6 26.Rdc1 Rac8 27.Rxb5 Bf7 28.Ra5 Rb8 29.Qd1 Nf5
30.Bf2 Rb2 31.Rxa7 Qd6 32.Raxc7 Qxd5 33.Qxd5 Bxd5 34.Rc8 Rxc8 35.Rxc8+ Kf7
36.Rc7+ Kg8 37.Rc5 Ne7 38.Bc4 Bxc4 39.Rxc4 Rxa2 40.a4 Nd5 41.Rd4 Nc3 42.Rd8+ Kf7
43.Rd7+ Kg6 44.Bc5 Rxa4 45.Bf8 h5 46.Rxg7+ Kf5 47.Rh7 Kg6 48.Rg7+ Kf5 49.Rc7 Ne2+
50.Kf2 Nd4 51.Rc5+ Kg6 52.Rc3 Ra2+ 53.Ke3 Ne6 54.Be7 Rxh2 55.Rc6  1/2-1/2